| 000 | 01232cam a2200313 a 4500 | ||
|---|---|---|---|
| 999 |
_c26527 _d26527 |
||
| 001 | 2596533 | ||
| 005 | 20170204150037.0 | ||
| 008 | 970211s1997 nyua 000 0 eng | ||
| 010 | _a 97007691 | ||
| 020 | _a0679454667 | ||
| 043 | _an-us--- | ||
| 050 | 0 | 0 | _aNC1429 .S568A4 1997 |
| 100 | 1 |
_aSorel, Edward, _d1929- |
|
| 245 | 1 | 0 |
_aUnauthorized portraits / _cEdward Sorel. |
| 250 | _a1st ed. | ||
| 260 |
_aNew York : _bAlfred A. Knopf , _c1997. |
||
| 300 |
_axiv, 173 p. : _bill. (chiefly col.) ; _c27 cm. |
||
| 650 | 0 |
_aCelebrities _xCaricatures and cartoons. |
|
| 650 | 0 | _aAmerican wit and humor, Pictorial. | |
| 856 | 4 | 2 |
_3Contributor biographical information _uhttp://www.loc.gov/catdir/bios/random057/97007691.html |
| 856 | 4 | 2 |
_3Publisher description _uhttp://www.loc.gov/catdir/description/random0410/97007691.html |
| 942 |
_2lcc _cBOOKS |
||